Edad contemporánea I : (1808-1898) / Vicente Palacio Atard (1808-1898) / Vicente Palacio Atard
Descripción Física:
644 p.: amb map. ; 23 cm
Colección:
Manual de historia de España ; 4
Materias:
Espanya -- Història -- 1808/1898
MARC
| LEADER | 00000nam a2200000Ia 4500 | ||
|---|---|---|---|
| 001 | 9454 | ||
| 008 | 160829s1988 xx 000 0 cat d | ||
| 080 | |a H-1-119 | ||
| 100 | |a Palacio Atard, Vicente |9 25935 | ||
| 245 | |a Edad contemporánea I : |b (1808-1898) / Vicente Palacio Atard | ||
| 260 | |a Madrid : |b Espasa - Calpe, |c 1988 | ||
| 300 | |a 644 p.: |b amb map. ; |c 23 cm | ||
| 490 | |a Manual de historia de España ; 4 | ||
| 650 | |a Espanya |x Història |x 1808/1898 |9 25936 | ||
| 901 | |a Arxiu | ||
| 942 | |n 1 | ||
| 952 | |0 0 |1 0 |4 0 |6 H1119 |7 1 |9 43829 |a Arxiu |b Arxiu |d 2016-12-01 |l 0 |o H-1-119 |p 9454 |r 2016-12-01 00:00:00 |w 2016-12-01 |y ARXIU | ||
| 999 | |c 46408 |d 46408 | ||